000 01229nam a2200277Ia 4500
003 OSt
005 20221005110818.0
006 a|||||r|||| 00| 0
007 ta
008 221004b |||||||| |||| 00| 0 hin d
020 _a8126709634 (hbk)
_cIndian Rupees 450
024 _a41061
037 _bGift, 08/01/2019,
_cTextual
040 _aCRL
_cCRL
_bhin
041 _2hin
_ahin
082 _aO152,6NUPx, P5
100 _aउपाध्याय, प्रकाश, ले.
245 0 _aप्रिय दुश्मनों की खोज
_b हिन्दू राष्ट्रवाद और अमेरिकी साम्राज्यवाद का विश्लेषण
246 _aPriya dushmanoan kī khoja: hindū rāṣhṭravād aur amerikī sāmrājyavād kā vishleṣhaṇa
260 _aनई दिल्ली
_bराजकमल प्रकाशन भारत
_c2005
300 _a378पृ0
_ccm.
650 _a हिन्दी साहित्य
650 _aहिन्दी निबंध
942 _hO152,6NUPx, P5
_cTEXL
_2cc
999 _c1019957
_d1019957